<?xml version="1.0" encoding="UTF-8"?><?xml-stylesheet type="text/xsl" href="static/style.xsl"?><OAI-PMH xmlns="http://www.openarchives.org/OAI/2.0/" xmlns:xsi="http://www.w3.org/2001/XMLSchema-instance" xsi:schemaLocation="http://www.openarchives.org/OAI/2.0/ http://www.openarchives.org/OAI/2.0/OAI-PMH.xsd"><responseDate>2026-04-13T04:13:28Z</responseDate><request verb="GetRecord" identifier="oai:www.recercat.cat:10256/26392" metadataPrefix="marc">https://recercat.cat/oai/request</request><GetRecord><record><header><identifier>oai:recercat.cat:10256/26392</identifier><datestamp>2025-02-14T08:43:31Z</datestamp><setSpec>com_2072_452955</setSpec><setSpec>com_2072_2054</setSpec><setSpec>col_2072_452961</setSpec></header><metadata><record xmlns="http://www.loc.gov/MARC21/slim" xmlns:dcterms="http://purl.org/dc/terms/" xmlns:xsi="http://www.w3.org/2001/XMLSchema-instance" xmlns:doc="http://www.lyncode.com/xoai" xsi:schemaLocation="http://www.loc.gov/MARC21/slim http://www.loc.gov/standards/marcxml/schema/MARC21slim.xsd">
   <leader>00925njm 22002777a 4500</leader>
   <datafield ind2=" " ind1=" " tag="042">
      <subfield code="a">dc</subfield>
   </datafield>
   <datafield ind2=" " ind1=" " tag="720">
      <subfield code="a">Alsina, Àngel</subfield>
      <subfield code="e">author</subfield>
   </datafield>
   <datafield ind2=" " ind1=" " tag="720">
      <subfield code="a">Vásquez Ortiz, Claudia Alejandra</subfield>
      <subfield code="e">author</subfield>
   </datafield>
   <datafield ind2=" " ind1=" " tag="720">
      <subfield code="a">García Alonso, Israel</subfield>
      <subfield code="e">author</subfield>
   </datafield>
   <datafield ind2=" " ind1=" " tag="720">
      <subfield code="a">Berciano Alcaraz, Ainhoa</subfield>
      <subfield code="e">author</subfield>
   </datafield>
   <datafield ind2=" " ind1=" " tag="260">
      <subfield code="c">2024-03-31</subfield>
   </datafield>
   <datafield ind2=" " ind1=" " tag="520">
      <subfield code="a">The aim of this article is to analyse how training in statistical andprobability education for pre-service teachers of early childhoodand primary education is developed in Spanish public universities.For this pur pose, the previously validated Statistical and Probabilistic Education Questionnaire for Pre-service Teachershas been administered, which considers three dimensions and their respective indicators: Characteristics (content standard and credits); Approach (disciplinary / pedagogical perspective and knowledge); and Methodology (methodological strategies; contexts / resources; complementary material). Based on the responses of 43 t rainers, the following f indings have been identified: 1) of the 240 credits, in the Bachelor's Degree in EarlyChildhood Education, one credit (10h) is dedicated to a balancedtraining in statistical and probabilistic education, while in primary education 2 credits are dedicated to a more diversifiedtraining, which represents between 0.4% and 0.8% of the total training in both degrees; 2) the perspective is mainly pedagogical, addressing both mathematical and didactic knowledge; 3) although various methodologies coexist, the application of pedagogical knowledge (e.g., design of tasks) stands out in both degrees. It is concluded that these findings provide an in-depth overview to plan improvement proposals to ensure a solid training duringinitial teacher training in Spain</subfield>
   </datafield>
   <datafield ind2=" " ind1=" " tag="520">
      <subfield code="a">Se analiza cómo se desarrolla la formación en educación estadística y probabilística para futuros docentes de educación infantil y primaria en las universidades públicas españolas. Para ello, se ha administrado a 43 formadores el Cuestionario Educación Estadística y Probabilística para Futuros Docentes, previamente validado. Los resultados muestran: 1) en los grados de infantil y primaria, respectivamente, se dedican 1 y 2 créditos de 240 (0.4% y 0.8%); 2) la perspectiva es sobre todo didáctica, atendiendo tanto al conocimiento matemático como al didáctico; 3) aunque coexisten diversas metodologías, destaca, en ambos grados, la aplicación de conocimientos didácticos (diseño de tareas, etc.). Se concluye que estos hallazgos permiten tener un panorama profundo para planificar propuestas de mejora que garanticen una formación sólida durante la formación inicial del profesorado en España</subfield>
   </datafield>
   <datafield ind1="8" ind2=" " tag="024">
      <subfield code="a">http://hdl.handle.net/10256/26392</subfield>
   </datafield>
   <datafield tag="653" ind2=" " ind1=" ">
      <subfield code="a">Mestres -- Formació</subfield>
   </datafield>
   <datafield tag="653" ind2=" " ind1=" ">
      <subfield code="a">Elementary school teachers -- Training of</subfield>
   </datafield>
   <datafield tag="653" ind2=" " ind1=" ">
      <subfield code="a">Mestres d'educació infantil -- Formació</subfield>
   </datafield>
   <datafield tag="653" ind2=" " ind1=" ">
      <subfield code="a">Preschool teachers -- Training of</subfield>
   </datafield>
   <datafield tag="653" ind2=" " ind1=" ">
      <subfield code="a">Professors de matemàtica -- Formació</subfield>
   </datafield>
   <datafield tag="653" ind2=" " ind1=" ">
      <subfield code="a">Mathematics teachers -- Training of</subfield>
   </datafield>
   <datafield tag="653" ind2=" " ind1=" ">
      <subfield code="a">Probabilitats -- Ensenyament -- Educació infantil</subfield>
   </datafield>
   <datafield tag="653" ind2=" " ind1=" ">
      <subfield code="a">Probabilities -- Study and teaching (Preschool)</subfield>
   </datafield>
   <datafield tag="653" ind2=" " ind1=" ">
      <subfield code="a">Estadística -- Ensenyament -- Educació infantil</subfield>
   </datafield>
   <datafield tag="653" ind2=" " ind1=" ">
      <subfield code="a">Statistics -- Study and teaching (Preschool)</subfield>
   </datafield>
   <datafield tag="653" ind2=" " ind1=" ">
      <subfield code="a">Probabilitats -- Ensenyament -- Educació primària</subfield>
   </datafield>
   <datafield tag="653" ind2=" " ind1=" ">
      <subfield code="a">Probabilities -- Study and teaching (Primary)</subfield>
   </datafield>
   <datafield tag="653" ind2=" " ind1=" ">
      <subfield code="a">Estadística -- Ensenyament -- Educació primària</subfield>
   </datafield>
   <datafield tag="653" ind2=" " ind1=" ">
      <subfield code="a">Statistics -- Study and teaching (Primary)</subfield>
   </datafield>
   <datafield ind2="0" ind1="0" tag="245">
      <subfield code="a">Educación estadística y probabilística para futuros docentes españoles de infantil y primaria: características, enfoque y metodología</subfield>
   </datafield>
</record></metadata></record></GetRecord></OAI-PMH>